О декрете ЦИКа СССР о введении в действие положения о государственном подоходно-поимущественном налоге

Доступно только в Электронных читальных залах Найти на картеНа карте
RUSMARC
00003789nac2a22002533x 450
0011b55d375-b50a-4f0b-b183-62a8a357e4f7
00520211230004228.0
100##$a20211217l19231924k y0rusy50 ca
1010#$arus
$aukr
102##$aRU
105##$ay z |||||
1222#$ad19231231
$ad19240119
2001#$aО декрете ЦИКа СССР о введении в действие положения о государственном подоходно-поимущественном налоге
$j31.12.1923 - 19.01.1924
215##$a7 листов
251##$cДело
300##$aВ деле обратная нумерация листов
300##$aЧасть текста на украинском языке
300##$aЧасть текста машинописная и рукописная, часть - напечатана типографским способом
461#0$1001796d4672-8a00-4986-b488-6e42273792cc
$12001
$aЦЕНТРАЛЬНЫЙ ИСПОЛНИТЕЛЬНЫЙ КОМИТЕТ СССР (ЦИК СССР)
$1251
$cФонд
$1852
$j3316
$gР
462#0$1001d81d78ba-90cd-45b2-ad22-902d2acd00dd
$12001
$aДела Секретариата Президиума ЦИК Союза ССР за 1923 г.
$vД. 199
$1251
$cОпись
$1852
$j16
60101$3RU\NLR\AUTH\880357276
$aСССР
$bЦИК
801#0$aRU
$bGA_RF
801#1$aRU
$bГлавНИВЦ
$c20211217
$2rusmarc
801#2$aRU
$bПБ им. Б.Н. Ельцина
$c20211230
$gRCR
$2rusmarc
852##$aГА РФ
$j199
937##$d172254313
$hГАРФ
035##$aRuPRLIB51064091
856##$uhttp://readingroom.main.prlib.ru/item.aspx?id_node=n172254313&mode=full
Формат отображения